Quiz do Iêmen - Statistics

Estatísticas Gerais
  • Esse quiz foi jogado 607 vezes
  • A pontuação média é 10 de 18
Estatísticas das Respostas
Dica Resposta % Correto
Língua oficial Árabe
96%
Países fazendo fronteira com o Iêmen Arábia Saudita
96%
Países fazendo fronteira com o Iêmen Omã
96%
Religião dominante Islã
87%
País africano mais próximo Djibouti
80%
Mar no oeste Mar Vermelho
77%
O Iêmen era, o território mais meridional deste império turco Império Otomano
75%
O Iêmen aboliu isso em 1962, mas ainda é praticado hoje Escravidão
74%
Quase toda a população judaica do Iêmen fugiu para este país na "Operação Tapete Mágico" Israel
69%
Capital Saná
68%
Cite um dos dois países que se combinaram para formar o Iêmen em 1990 Iêmen do Norte / Iêmen do Sul
42%
Bebida extremamente popular queprovavelmente foi criada no Iémen Café
39%
Maior ilha Socotorá
36%
Rebelião xiita que controla o oeste do país (começa com H) Houthis
28%
Maior cidade costeira Adem
27%
Como muitos países, o Iêmen tem uma população dessas tribos nômades vivendo no deserto Beduínos
26%
Planta folhosa mascada como estimulante Khat
22%
Árvores da ilha acima Dragoeiro
10%
Nenhum quiz correspondente encontrado
Distribuição das Pontuações
Porcentagem de Pessoas com Cada Pontuação
Percentil de Números Respondidos
Sua Pontuação Histórica
Você não jogou esse quiz